| Tag |
First Indicator |
Second Indicator |
Subfields |
| LEADER |
00000cas a2200000 a 4500 |
| 001 |
in00000052077 |
| 005 |
20151007080310.0 |
| 008 |
761027c19729999couqr1p s0 a0eng d |
| 010 |
|
|
|a 77647048
|
| 012 |
|
|
|a 4
|b 3
|i 8405
|k 1
|l 1
|m 1
|
| 022 |
|
|
|a 0047-2875
|
| 032 |
|
|
|a 677920
|b USPS
|
| 035 |
|
|
|a (OCoLC)ocm02532184
|
| 035 |
|
|
|a (OCoLC)02532184
|
| 035 |
|
|
|9 AAF4577AM
|
| 037 |
|
|
|b Business Research Division, College of Business and Administration, University of Colorado at Boulder, Campus Box 420, Boulder, CO 80309-0420
|
| 040 |
|
|
|a UDI
|c UDI
|d NSD
|d DLC
|d NSD
|d OCL
|d DLC
|d AIP
|d NST
|d NSD
|d AIP
|d NST
|d AIP
|d NST
|d CRL
|d IUL
|d EYM
|d NST
|d HUL
|d IUL
|d OCL
|d OCLCQ
|d UtOrBLW
|
| 042 |
|
|
|a nsdp
|a lc
|
| 049 |
|
|
|a TXAM
|
| 050 |
0 |
0 |
|a G155.A1
|b T6576
|
| 082 |
0 |
|
|a 910/.7/2
|
| 210 |
0 |
|
|a J. travel res.
|
| 222 |
|
0 |
|a Journal of travel research
|
| 245 |
0 |
0 |
|a Journal of travel research /
|c the Travel Research Association.
|
| 264 |
|
1 |
|a Boulder, Colo. :
|b Business Research Division, College of Business and Administration, University of Colorado.
|
| 300 |
|
|
|a volumes :
|b illustrations ;
|c 28 cm.
|
| 310 |
|
|
|a Quarterly
|
| 336 |
|
|
|a text
|b txt
|2 rdacontent
|
| 337 |
|
|
|a unmediated
|b n
|2 rdamedia
|
| 338 |
|
|
|a volume
|b nc
|2 rdacarrier
|
| 362 |
1 |
|
|a Began in 1972.
|
| 500 |
|
|
|a Publisher: Business Research Division, Graduate School of Business Administration, University of Colorado, Boulder, <1973>-fall 1977; Business Research Division, College of Business and Administration, University of Colorado, Boulder, winter 1978- ; Business Research Division, Graduate School of Business Administration, University of Colorado at Boulder, <winter 1995- >
|
| 500 |
|
|
|a Description based on: Volume 12, number 2 (fall 1973); title from cover.
|
| 500 |
|
|
|a "A quarterly publication of The Travel Research Association."
|
| 530 |
|
|
|a Also available via World Wide Web;
|b OCLC FirstSearch Electronic Collections Online;
|c Subscription required for access to abstracts and full text.
|
| 550 |
|
|
|a Issued by: Travel Research Association, <fall 1973>-1980; Travel and Tourism Research Association, 1981-
|
| 650 |
|
0 |
|a Travel
|x Research
|v Periodicals.
|
| 710 |
2 |
|
|a University of Colorado (Boulder campus).
|b Business Research Division.
|
| 710 |
2 |
|
|a University of Colorado Boulder.
|b Business Research Division.
|
| 710 |
2 |
|
|a Travel Research Association.
|
| 710 |
2 |
|
|a Travel and Tourism Research Association (U.S.)
|
| 776 |
1 |
|
|t Journal of travel research (Online)
|w (OCoLC)41181687
|
| 780 |
0 |
0 |
|t Travel research bulletin
|x 0147-2399
|w (DLC) 77647047
|w (OCoLC)3131726
|
| 850 |
|
|
|a AU
|a CU
|a CaAEU
|a CaBVa
|a CaOONL
|a CaOPAL
|a DLC
|a DeU
|a FU
|a INS
|a IaAS
|a ICRL
|a InLP
|a InU
|a KMK
|a MH-BA
|a MU
|a MiU
|a MnSU
|a MoU
|a NN
|a NSyU
|a NcRS
|a NcU
|a NmU
|a OrCS
|a OrU
|a PPT
|a PPiU
|a TxCM
|a UPB
|a ViBlbV
|a WaU
|
| 936 |
|
|
|a Vol. 34, no. 4 (spring 1996) LIC
|
| 949 |
|
|
|a AM_DB_MFHD URL added
|b h
|c 2003/11/4
|d c
|e rstovall5
|f 1:08:07 pm
|
| 994 |
|
|
|a E0
|b TXA
|
| 999 |
|
|
|a MARS
|
| 999 |
f |
f |
|s f8bad825-7619-3e88-a1e7-c0d4c65ee253
|i 00540fe8-6950-3b9d-a046-1de702050212
|t 0
|
| 952 |
f |
f |
|p ric
|a Texas A&M University
|b Rellis Campus
|c Joint Library Facility
|d Remote Storage
|t 0
|e G155.A1 T6576
|h Library of Congress classification
|i unmediated -- volume
|k v.40
|l 2001/2002
|m A14830930355
|
| 952 |
f |
f |
|p ric
|a Texas A&M University
|b Rellis Campus
|c Joint Library Facility
|d Remote Storage
|t 0
|e G155.A1 T6576
|h Library of Congress classification
|i unmediated -- volume
|k v.34
|l 1995/1996
|m A14852614891
|
| 952 |
f |
f |
|p ric
|a Texas A&M University
|b Rellis Campus
|c Joint Library Facility
|d Remote Storage
|t 0
|e G155.A1 T6576
|h Library of Congress classification
|i unmediated -- volume
|k v.38
|l 1999/2000
|m A14828583370
|
| 952 |
f |
f |
|p ric
|a Texas A&M University
|b Rellis Campus
|c Joint Library Facility
|d Remote Storage
|t 0
|e G155.A1 T6576
|h Library of Congress classification
|i unmediated -- volume
|k v.35
|l 1996/1997
|m A14822177707
|
| 952 |
f |
f |
|p ric
|a Texas A&M University
|b Rellis Campus
|c Joint Library Facility
|d Remote Storage
|t 0
|e G155.A1 T6576
|h Library of Congress classification
|i unmediated -- volume
|k v.22 -v.24
|l 1983/1984-1985/1986
|m A14813047042
|
| 952 |
f |
f |
|p ric
|a Texas A&M University
|b Rellis Campus
|c Joint Library Facility
|d Remote Storage
|t 0
|e G155.A1 T6576
|h Library of Congress classification
|i unmediated -- volume
|k v.19 -v.21
|l 1980/1981-1982/1983
|m A14812194286
|
| 952 |
f |
f |
|p ric
|a Texas A&M University
|b Rellis Campus
|c Joint Library Facility
|d Remote Storage
|t 0
|e G155.A1 T6576
|h Library of Congress classification
|i unmediated -- volume
|k v.41
|l 2002/2003
|m A14830930313
|
| 952 |
f |
f |
|p ric
|a Texas A&M University
|b Rellis Campus
|c Joint Library Facility
|d Remote Storage
|t 0
|e G155.A1 T6576
|h Library of Congress classification
|i unmediated -- volume
|k v.31
|l 1992/1993
|m A14817210532
|
| 952 |
f |
f |
|p ric
|a Texas A&M University
|b Rellis Campus
|c Joint Library Facility
|d Remote Storage
|t 0
|e G155.A1 T6576
|h Library of Congress classification
|i unmediated -- volume
|k v.29
|l 1990/1991
|m A14815081165
|
| 952 |
f |
f |
|p ric
|a Texas A&M University
|b Rellis Campus
|c Joint Library Facility
|d Remote Storage
|t 0
|e G155.A1 T6576
|h Library of Congress classification
|i unmediated -- volume
|k v.33
|l 1994/1995
|m A14852615161
|
| 952 |
f |
f |
|p ric
|a Texas A&M University
|b Rellis Campus
|c Joint Library Facility
|d Remote Storage
|t 0
|e G155.A1 T6576
|h Library of Congress classification
|i unmediated -- volume
|k v,37:no.2-4
|l 1998/1999:Nov.-May
|m A14825750025
|
| 952 |
f |
f |
|p ric
|a Texas A&M University
|b Rellis Campus
|c Joint Library Facility
|d Remote Storage
|t 0
|e G155.A1 T6576
|h Library of Congress classification
|i unmediated -- volume
|k v.43:no.1
|l 2004:Aug.
|m A14832866489
|
| 952 |
f |
f |
|p ric
|a Texas A&M University
|b Rellis Campus
|c Joint Library Facility
|d Remote Storage
|t 0
|e G155.A1 T6576
|h Library of Congress classification
|i unmediated -- volume
|k v.18:no.3-4
|l 1980
|m A14827303523
|
| 952 |
f |
f |
|p ric
|a Texas A&M University
|b Rellis Campus
|c Joint Library Facility
|d Remote Storage
|t 0
|e G155.A1 T6576
|h Library of Congress classification
|i unmediated -- volume
|k v.27:no.2-v.28:no.4
|l 1988-1990
|m A14812931963
|
| 952 |
f |
f |
|p ric
|a Texas A&M University
|b Rellis Campus
|c Joint Library Facility
|d Remote Storage
|t 0
|e G155.A1 T6576
|h Library of Congress classification
|i unmediated -- volume
|k v.36
|l 1997/1998
|m A14823516831
|
| 952 |
f |
f |
|p ric
|a Texas A&M University
|b Rellis Campus
|c Joint Library Facility
|d Remote Storage
|t 0
|e G155.A1 T6576
|h Library of Congress classification
|i unmediated -- volume
|k v.30
|l 1991/1992
|m A14816079828
|
| 952 |
f |
f |
|p ric
|a Texas A&M University
|b Rellis Campus
|c Joint Library Facility
|d Remote Storage
|t 0
|e G155.A1 T6576
|h Library of Congress classification
|i unmediated -- volume
|k v.42
|l 2003/2004
|m A14832209344
|
| 952 |
f |
f |
|p ric
|a Texas A&M University
|b Rellis Campus
|c Joint Library Facility
|d Remote Storage
|t 0
|e G155.A1 T6576
|h Library of Congress classification
|i unmediated -- volume
|k v.25 -v.26
|l 1986/1987-1987/1988
|m A14812036006
|
| 952 |
f |
f |
|p ric
|a Texas A&M University
|b Rellis Campus
|c Joint Library Facility
|d Remote Storage
|t 0
|e G155.A1 T6576
|h Library of Congress classification
|i unmediated -- volume
|k v.39
|l 2000/2001
|m A14828583451
|
| 952 |
f |
f |
|p ric
|a Texas A&M University
|b Rellis Campus
|c Joint Library Facility
|d Remote Storage
|t 0
|e G155.A1 T6576
|h Library of Congress classification
|i unmediated -- volume
|k v.32
|l 1993/1994
|m A14818781756
|
| 998 |
f |
f |
|a G155.A1 T6576
|s v.43:no.1 (2004:Aug.)
|t 0
|l Remote Storage
|